00388nam a2200121Ia 4500008004100000041000800041082001600049100001700065245012000082260002800202300001900230999001700249241015s9999 xx 000 0 und d aeng a658.406 PER aPera Krishna aBig Data For Big Decisions [Printed Price]: Building A Data-Driven Organization Building A Data-Driven Organization bCrc PressaLondonc2023 a249;. P. 22 cm c41575d41575